Kinh tế học vĩ mô

Tallennettuna:
Bibliografiset tiedot
Aineistotyyppi: Kirja
Kieli:Undetermined
Julkaistu: Hà Nội Giáo Dục 1999
Aiheet:
Tagit: Lisää tagi
Ei tageja, Lisää ensimmäinen tagi!
Thư viện lưu trữ: Trung tâm Học liệu Trường Đại học Cần Thơ
LEADER 00426nam a2200157Ia 4500
001 CTU_38358
008 210402s9999 xx 000 0 und d
082 |a 339 
082 |b K312 
245 0 |a Kinh tế học vĩ mô 
245 0 |c Vũ Đình Bách...[et al.] 
260 |a Hà Nội 
260 |b Giáo Dục 
260 |c 1999 
650 |a macroeconomics 
980 |a Trung tâm Học liệu Trường Đại học Cần Thơ